000 00559nam a2200217#a 4500
001 01631
003 HDC
007 ta
008 230623s1988 xx 000 0 eng d
040 _aHDC
050 _ajrn HF5601
_b.A33 2010 1
245 0 _aAccountants today.
264 _aKuala Lumpur :
_bMalaysian Institute of Accountants,
_c1988-.
300 _a v. :
_b ill. ;
_c 29cm.
650 _aAccounting
_zMalaysia
_vPeriodicals.
650 _aInstitut Akauntan Malaysia
942 _2lcc
942 _cBK
942 _kjrn HF5601
942 _m.A33 2010 1
999 _c23197
_d23197